Batteries and energy systems
Guardat en:
| Autor principal: | |
|---|---|
| Format: | Llibre |
| Idioma: | anglès |
| Publicat: |
Nueva York
McGraw-Hill
1983
|
| Edició: | 2a. ed |
| Matèries: | |
| Etiquetes: |
Afegir etiqueta
Sense etiquetes, Sigues el primer a etiquetar aquest registre!
|
MARC
| LEADER | 00000nam a2200000 a 4500 | ||
|---|---|---|---|
| 001 | UCU5182 | ||
| 003 | CL-VaPUC | ||
| 008 | 960531e19830000US |||||||||||||||||eng|d | ||
| 082 | 0 | 4 | |a 621.312 |b MAN |2 21 |
| 100 | |a Mantell, Charles L. |e autor |9 366758 | ||
| 245 | 1 | 0 | |a Batteries and energy systems |
| 250 | |a 2a. ed | ||
| 300 | |a 319 p | ||
| 942 | |c BK | ||
| 945 | |d 19960531 00:00:00 |a lriquelm | ||
| 260 | |a Nueva York |b McGraw-Hill |c 1983 | ||
| 650 | 7 | |a BATERIAS ELECTRICAS |2 CL-VaPUC |9 339662 | |
| 650 | 7 | |a GENERADORES ELECTRICOS |2 CL-VaPUC |9 363057 | |
| 650 | 0 | |a Voltaje |9 362861 | |
| 650 | 0 | |a Acumulación de energía |9 363058 | |
| 583 | |a last modification |c 19960531 00:00:00 |k Rodrigo Vera | ||
| 999 | |c 248630 |d 248628 | ||
| 952 | |0 0 |1 0 |4 0 |6 621_312000000000000_MAN_1983 |7 0 |8 A |9 265401 |a BIBING |b BIBING |d 2019-11-19 |i 1669559 |o 621.312 MAN 1983 |p 1669559 |r 2025-01-20 |w 2019-11-19 |y BK |k EIE | ||